000 00331nam a2200133Ia 4500
008 210312s9999||||xx |||||||||||||| ||und||
041 _aosm
050 _aPL245
050 _bA3.D35
100 _aAdıvar, Halide Edip
245 0 _aDağa çıkan kurt
260 _c1338-1340
650 _aEdebiyat--Türk edebiyatı--Roman ve hikaye
999 _c22245
_d22245